000 00327 a2200133 4500
000 nam a22 7a 4500
100 _a Brockington, J L
110 _a Brockington, J L
245 _aSanskrit epics
250 _aLatest edition
260 _bManohar Publication
_c2026
264 _bManohar Publication
_c2026
942 _cBK
999 _c394337
_d394337